000 00213nam a22000977a 4500
082 _a335.430924
_bMAR
245 _aMark Engels
260 _aMoscow
_bProgress Publishers
_c1977
300 _a661p.
942 _2ddc
_cBK
999 _c613516
_d613516